El hombre: no es incógnita, no tiene incógnita. Lo que sí que es en sus principios, un jeroglífico que en el tiempo se descifra a sí mismo

Gespeichert in:
Bibliographische Detailangaben
1. Verfasser: Barrio, Inocencio (VerfasserIn)
Format: Buch
Sprache:Spanisch
Veröffentlicht: Buenos Aires Industria Gráfica Argentina 1964
Ausgabe:2a. ed
Schlagworte:
Tags: Tag hinzufügen
Keine Tags, Fügen Sie den ersten Tag hinzu!

MARC

LEADER 00000nam a2200000 a 4500
001 UCS2602
003 CL-VaPUC
008 970604e19640000AG |||||||||||||||||spa|d
082 0 4 |a 128  |b BAR  |2 21 
100 0 |a Barrio, Inocencio  |e author  |9 388219 
245 1 3 |a El hombre: no es incógnita, no tiene incógnita. Lo que sí que es en sus principios, un jeroglífico que en el tiempo se descifra a sí mismo 
250 |a 2a. ed 
300 |a 124 p 
942 |c BK 
945 |d 19970604 00:00:00  |a paguirre 
260 |a Buenos Aires  |b Industria Gráfica Argentina  |c 1964 
600 0 |a Dios  |9 314467 
650 0 |a Antropología   |9 233030 
650 0 |a Hombres   |9 318163 
650 0 |a Cultura  |9 269059 
650 0 |a Filosofía   |9 223554 
583 |a last modification  |c 19970604 00:00:00  |k Rodrigo Vera 
999 |c 260545  |d 260543 
952 |0 0  |1 0  |4 0  |6 128_000000000000000_BAR_1964  |7 0  |8 A  |9 286736  |a BIBDER  |b BIBDER  |d 2019-11-19  |i 1861700  |o 128 BAR 1964  |p 1861700  |r 2023-01-25  |w 2019-11-19  |y BK  |k DER